The European energy challenge : East and West /

Bibliographic Details
Main Author: Hoffman, George Walter, 1914-
Other Authors: Dienes, Leslie
Format: Book
Language:English
Published: Durham, NC : Duke University Press, 1985.
Series:Duke Press policy studies.
Subjects:

MARC

Tag First Indicator Second Indicator Subfields
LEADER 00000pam a2200000 a 4500
001 in00000567621
005 20151014064528.0
008 841030s1985 ncua b 00110 eng
010 |a  84024748  
020 |a 0822305755 
035 |a (OCoLC)11399611 
035 |9 ACN6026AM 
039 0 |a 2  |b 3  |c 3  |d 3  |e 3 
040 |a DLC  |c DLC  |d TXA  |d UtOrBLW 
043 |a e------ 
049 |a TXAM  |c [A08440455] 
050 0 0 |a HD9502.E8  |b H64 1985 
082 0 |a 333.79/094  |2 19 
100 1 |a Hoffman, George Walter,  |d 1914- 
245 1 4 |a The European energy challenge :  |b East and West /  |c George W. Hoffman with contributions by Leslie Dienes. 
264 1 |a Durham, NC :  |b Duke University Press,  |c 1985. 
300 |a xxvii, 207 pages :  |b illustrations ;  |c 24 cm. 
336 |a text  |b txt  |2 rdacontent 
337 |a unmediated  |b n  |2 rdamedia 
338 |a volume  |b nc  |2 rdacarrier 
490 1 |a Duke Press policy studies 
500 |a Includes index. 
504 |a Bibliography: pages [200]-203. 
650 0 |a Energy industries  |z Europe. 
700 1 |a Dienes, Leslie. 
830 0 |a Duke Press policy studies. 
999 |a MARS 
999 f f |s af0374f0-f84a-391e-8e88-ea9d55ea009e  |i 0b883330-6a11-372b-ab6d-3d52e6966eb6  |t 0 
952 f f |p ric  |a Texas A&M University  |b Rellis Campus  |c Joint Library Facility  |d Remote Storage  |t 0  |e HD9502.E8 H64 1985  |h Library of Congress classification  |i unmediated -- volume  |m A14808440455 
998 f f |a HD9502.E8 H64 1985  |t 0  |l Remote Storage